| 000 -LEADER |
| fixed length control field |
00443nam a22001697a 4500 |
| 008 - FIXED-LENGTH DATA ELEMENTS--GENERAL INFORMATION |
| fixed length control field |
140523b xxu||||| |||| 00| 0 eng d |
| 020 ## - INTERNATIONAL STANDARD BOOK NUMBER |
| International Standard Book Number |
055338063X |
| 041 0# - LANGUAGE CODE |
| Language code of text/sound track or separate title |
eng |
| 080 ## - UNIVERSAL DECIMAL CLASSIFICATION NUMBER |
| Universal Decimal Classification number |
72 |
| 100 ## - Rafti |
| Rafti |
Wolfe, Tom. |
| 245 10 - TITLE STATEMENT |
| Title |
From Bauhaus to our house / |
| Statement of responsibility, etc |
Tom Wolfe. |
| 260 ## - |
| -- |
New York : |
| -- |
Farrar Straus Giroux, |
| -- |
1981. |
| 300 ## - |
| -- |
111 f.: |
| -- |
me il.; |
| -- |
21 cm. |
| 610 20 - |
| -- |
Bauhaus |
| -- |
Ndikimi |
| 650 #0 - |
| -- |
Arkitektura |
| -- |
SHBA |
| 942 ## - ADDED ENTRY ELEMENTS (KOHA) |
| Source of classification or shelving scheme |
|
| Item type |
Books |